|
|
|
|
| LEADER |
00000nam0a2200000 4500 |
| 001 |
158865 |
| 005 |
20240117093640.0 |
| 010 |
|
|
|a 5982984264
|
| 035 |
|
|
|a (RuTPU)RU\TPU\book\172296
|
| 090 |
|
|
|a 158865
|
| 100 |
|
|
|a 20090429d2009 m y0rusy50 ca
|
| 101 |
0 |
|
|a rus
|
| 102 |
|
|
|a RU
|
| 105 |
|
|
|a a j 001zy
|
| 200 |
1 |
|
|a Силовые преобразователи электрической энергии
|e учебное пособие
|f В. П. Петрович, Н. А. Воронина, А. В. Глазачев
|g Томский политехнический университет (ТПУ)
|
| 210 |
|
|
|a Томск
|c Изд-во ТПУ
|d 2009
|
| 215 |
|
|
|a 240 с.
|c ил.
|
| 320 |
|
|
|a Библиогр.: с. 239.
|
| 330 |
|
|
|a В пособии рассматриваются основные схемы полупроводниковых преобразователей электрической энергии, их свойства и характеристики, принцип действия, электромагнитные процессы, вопросы их практического применения. Предназначено для студентов, обучающихся по специальности 140610 «Электрооборудование и электрохозяйство предприятий, организаций и учреждений», и магистров, обучающихся по магистерской программе «Энергосберегающие режимы работы электрических источников питания, комплексов и систем» направления подготовки 140600 «Электротехника, электромеханика и электротехнологии».
|
| 451 |
|
1 |
|0 (RuTPU)RU\TPU\book\80295
|t Силовые преобразователи электрической энергии
|o учебное пособие
|f В. П. Петрович, Н. А. Воронина
|g Томский политехнический университет
|c Томск
|n Изд-во ТПУ
|d 2004
|p 254 с.
|s Учебники Томского политехнического университета
|a Петрович, Виталий Петрович
|
| 452 |
|
1 |
|0 (RuTPU)RU\TPU\book\175471
|t Силовые преобразователи электрической энергии
|o учебное пособие
|f В. П. Петрович, Н. А. Воронина, А. В. Глазачев
|g Томский политехнический университет (ТПУ)
|c Томск
|n Изд-во ТПУ
|d 2009
|a Петрович, Виталий Петрович
|
| 606 |
1 |
|
|a Преобразователи силовые
|2 stltpush
|3 (RuTPU)RU\TPU\subj\51305
|9 69900
|
| 610 |
1 |
|
|a электрическая энергия
|
| 610 |
1 |
|
|a полупроводниковые преобразователи
|
| 610 |
1 |
|
|a полупроводниковые диоды
|
| 610 |
1 |
|
|a транзисторы
|
| 610 |
1 |
|
|a электротехника
|
| 610 |
1 |
|
|a электрические конденсаторы
|
| 610 |
1 |
|
|a резисторы
|
| 610 |
1 |
|
|a индуктивность
|
| 610 |
1 |
|
|a выпрямительные устройства
|
| 610 |
1 |
|
|a неуправляемые выпрямители
|
| 610 |
1 |
|
|a управляемые выпрямители
|
| 610 |
1 |
|
|a сглаживающие фильтры
|
| 610 |
1 |
|
|a умножители напряжения
|
| 610 |
1 |
|
|a инверторные устройства
|
| 610 |
1 |
|
|a зависимые инверторы
|
| 610 |
1 |
|
|a автономные инверторы
|
| 610 |
1 |
|
|a электромеханика
|
| 610 |
1 |
|
|a преобразователи частоты
|
| 610 |
1 |
|
|a преобразователи тока
|
| 610 |
1 |
|
|a импульсные регуляторы
|
| 610 |
1 |
|
|a вентильные преобразователи
|
| 610 |
1 |
|
|a системы защиты
|
| 610 |
1 |
|
|a системы управления
|
| 610 |
1 |
|
|a вентильные электроприводы
|
| 610 |
1 |
|
|a учебные пособия
|
| 610 |
1 |
|
|a труды учёных ТПУ
|
| 675 |
|
|
|a 621.314.632(075.8)
|v 3
|
| 700 |
|
1 |
|a Петрович
|b В. П.
|c специалист в области электротехники
|c доцент Томского политехнического университета, кандидат технических наук
|f 1940-
|g Виталий Петрович
|3 (RuTPU)RU\TPU\pers\29373
|9 13955
|
| 701 |
|
1 |
|a Воронина
|b Н. А.
|c специалист в области электротехники
|c доцент Томского политехнического университета, кандидат технических наук
|f 1980-
|g Наталья Алексеевна
|3 (RuTPU)RU\TPU\pers\25665
|9 11576
|
| 701 |
|
1 |
|a Глазачев
|b А. В.
|c специалист в области электроники
|c доцент Томского политехнического университета, кандидат технических наук
|f 1974-
|g Александр Владимирович
|3 (RuTPU)RU\TPU\pers\26444
|9 12147
|
| 712 |
0 |
2 |
|a Томский политехнический университет (ТПУ)
|c (1991- )
|3 (RuTPU)RU\TPU\col\376
|
| 801 |
|
1 |
|a RU
|b 63413507
|c 20090429
|g PSBO
|
| 801 |
|
2 |
|a RU
|b 63413507
|c 20220407
|g PSBO
|
| 942 |
|
|
|c BK
|